| 000 | 00669nam a2200121Ia 4500 | ||
|---|---|---|---|
| 008 | 220615s9999||||xx |||||||||||||| ||und|| | ||
| 100 | _aTompkins, David G. | ||
| 245 | 0 |
_aComposing the Party Line _bMusic and Politics in Early Cold War Poland and East Germany |
|
| 546 | _aEnglish[eng] | ||
| 650 | _aMusic||East Germany||Musicology||Poland||Polish United Workers' Party||Socialist realism||Socialist Unity Party of Germany||Soviet Union | ||
| 856 | _uhttps://library.oapen.org/bitstream/20.500.12657/30146/1/649954.pdf||https://library.oapen.org/bitstream/20.500.12657/30146/1/649954.pdf||https://library.oapen.org/bitstream/20.500.12657/30146/1/649954.pdf | ||
| 942 | _cEB | ||
| 999 |
_c18077 _d18077 |
||